Statystyki dla Najgęściej zaludnione państwa graniczące ze sobą

Kliknij tutaj aby rozwiązać quiz!

Ogólne statystyki

  • Ten quiz został rozwiązany 9 370 razy
  • Średni wynik to 13 z 27

Statystyki odpowiedzi

Państwo% Poprawnych
Chiny
95%
Indie
92%
Francja
82%
Niemcy
80%
Włochy
71%
Pakistan
70%
Bangladesz
69%
Belgia
68%
Holandia
68%
Luksemburg
65%
Monako
60%
Szwajcaria
60%
Watykan
59%
San Marino
58%
Nepal
57%
Liechtenstein
55%
Korea Południowa
46%
Korea Północna
44%
Izrael
25%
Liban
20%
Dominikana
16%
Haiti
15%
Rwanda
15%
Uganda
15%
Burundi
13%
Gwatemala
11%
Salwador
11%

Rozkład punktacji

Percentyl według liczby udzielonych odpowiedzi

Procent ludzi z każdym wynikiem

Twoja historia wyników

Nie rozwiązałeś tego quizu